Dictionary of food and nutrition / (Record no. 134553)

MARC details
000 -LEADER
fixed length control field 00685nam a22002177a 4500
005 - DATE AND TIME OF LATEST TRANSACTION
control field 20170124110228.0
010 ## - LIBRARY OF CONGRESS CONTROL NUMBER
LC control number A-991586
020 ## - INTERNATIONAL STANDARD BOOK NUMBER
Terms of availability 00.00
International Standard Book Number 8176481343
035 ## - SYSTEM CONTROL NUMBER
System control number A-991586
037 ## - SOURCE OF ACQUISITION
Source of stock number/acquisition Cen Lib/Ret
040 ## - CATALOGING SOURCE
Original cataloging agency DPL
Language of cataloging EN
082 ## - DEWEY DECIMAL CLASSIFICATION NUMBER
Classification number 641.02
Item number JEW
100 ## - MAIN ENTRY--PERSONAL NAME
Personal name Jewel, Raul
9 (RLIN) 41064
245 ## - TITLE STATEMENT
Title Dictionary of food and nutrition /
Statement of responsibility, etc by Raul Jewel
260 ## - PUBLICATION, DISTRIBUTION, ETC. (IMPRINT)
Place of publication, distribution, etc New Delhi
Name of publisher, distributor, etc A.P.H Publishing Corporation
Date of publication, distribution, etc 2000
270 ## - ADDRESS
Address 5, Ansari Road, Daryaganj
City New Delhi
Postal code 110002
300 ## - PHYSICAL DESCRIPTION
Extent 430p.
Dimensions 24cm(Hb)
650 ## - SUBJECT ADDED ENTRY--TOPICAL TERM
Topical term or geographic name as entry element Nutrition -- Dictionaries
Form subdivision Dictionary
9 (RLIN) 41065
650 ## - SUBJECT ADDED ENTRY--TOPICAL TERM
Topical term or geographic name as entry element Food -- Dictionaries
Form subdivision Dictionary
9 (RLIN) 41066
942 ## - ADDED ENTRY ELEMENTS (KOHA)
Source of classification or shelving scheme Dewey Decimal Classification
Koha item type English Books
Classification part 641.02
Call number suffix JEW
Holdings
Withdrawn status Lost status Damaged status Not for loan Collection code Home library Current library Date acquired Source of acquisition Cost, normal purchase price Total Checkouts Full call number Barcode Date last seen Copy number Cost, replacement price Price effective from Koha item type
      Not For Loan Reference Central Library Central Library 30/07/2015 Cen Lib/Ret 0.00   641.02 JEW A-991586 30/07/2015 1 0.00 30/07/2015 English Books

© Delhi Public Library
Hit Counter
free hit counter